000
00452nam a2200133Ia 4500
008
100328s9999 xx 000 0 und d
082
_b
8818
100
_a
लांजेकर मो.म. आणि काळे वा.सी.
245
_a
वाणिज्य भूगोल
260
_b
ठाकूर आणि कं.
630
_a
वाणिज्य भूगोल
730
_a
वाणिज्य भूगोल
942
_c
BOOK
999
_c
504556
_d
504553